Mort Subite - Pays de Super Mario Odyssey - Statistiques

Statistiques générales
  • Ce quiz a été pris 244 fois
  • Le résultat moyen est 12 sur 17
Answers on the Grid
Answers color-coded by a green-red scale on the quiz's grid according to % correct below.
Pays des chutes
Pays de la Plage
Goombaland
Royaume Champignon
Pays des Gratte-Ciels
Pays de la Mer
Pays du Ciel
Pays des Nuages
Pays de la Pluie
Côté Obscur
Côté Clair
Côté Très Obscur
Côté Trop Obscur
Pays de la Forêt
Pays des neiges
Pays de Bowser
Pays de la Lune
Pays des Chapeaux
Pays des Toads
Pays des Yoshis
Pays du lac
Pays Perdu
Pays de la Cuisine
Pays des Ruines
Pays des Sables
Pays du Fromage
Pays de la Musique
Pays de la Magie
Pays Magique
Pays des Sports
 
Statistiques - réponses
Réponse % Correct
Côté Obscur
76%
Côté Très Obscur
76%
Pays de la Forêt
76%
Pays des Chapeaux
76%
Pays de la Lune
74%
Pays de la Mer
74%
Pays des Gratte-Ciels
74%
Pays de la Cuisine
72%
Royaume Champignon
72%
Pays des chutes
70%
Pays de Bowser
69%
Pays des Nuages
69%
Pays des Sables
69%
Pays du lac
69%
Pays des neiges
67%
Pays Perdu
67%
Pays des Ruines
65%
Aucun quiz correspondant
Distribution des résultats
% des personnes avec chaque résultat
Percentile par nombre de réponses
Votre historique - résultats
Vous n’avez pas pris ce quiz